000 00291 a2200121 4500
001 157052
040 _cEscola São Tomás de Aquino
100 _aBANDEIRA, Pedro
240 1 0 _aO pequeno bicho-papão
_lpor
245 1 0 _aO pequeno bicho-papão
697 _a*LITERATURA INFANTO
942 _cBK
999 _c157052
_d157052